[Event "ARG Ch"]
[Site "Buenos Aires ARG"]
[Date "1994.??.??"]
[Round "7"]
[White "Spangenberg, Hugo H"]
[Black "Zarnicki, Pablo A"]
[Result "0-1"]
[WhiteElo "2510"]
[BlackElo "2435"]
[PlyCount "94"]
[EventDate "1994.02.??"]
[Source "www.chesslib.no"]
[SourceDate "2004.05.04"]

1. e4 e5 2. Nf3 Nf6 3. Nxe5 d6 4. Nf3 Nxe4 5. d3 Nf6 6. d4 Bg4 7. Bd3 Be7 8. h3 Bh5 9. Bf4 O-O 10. O-O c5 11. dxc5 dxc5 12. Na3 Nc6 13. c3 a6 14. Nc4 b5 15. Ne3 Qb6 16. Nf5 Rad8 17. Qc2 Bxf3 18. gxf3 Nd5 19. Bg3 Bg5 20. Be4 g6 21. Rad1 gxf5 22. Bxd5 Ne7 23. c4 f4 24. Bh2 Qh6 25. Qe4 Ng6 26. Kh1 Rde8 27. Qd3 b4 28. Rg1 Re5 29. Qf1 Bf6 30. Rg4 Kh8 31. Be4 Rh5 32. Bxg6 Rxh3 33. Bh5 Rxh5 34. Qg2 Rg5 35. Rxg5 Bxg5 36. Rd5 Rg8 37. Qg4 Be7 38. Rh5 Qd6 39. Rd5 Qxd5 40. cxd5 Rxg4 41. fxg4 Bd6 42. Kg2 c4 43. f3 c3 44. bxc3 bxc3 45. Bg1 c2 46. Bd4+ Kg8 47. Bb2 Bc5 0-1

[Event "Budapest HUN"]
[Site "?"]
[Date "2005.04.10"]
[Round "9"]
[White "Fogarasi Tibor"]
[Black "Ilincic Zlatko"]
[Result "1/2-1/2"]
[WhiteElo "2442"]
[BlackElo "2502"]
[PlyCount "25"]
[EventDate "2005.??.??"]
[Source "www.chesslib.no"]
[SourceDate "2004.05.04"]

1. e4 e5 2. Nf3 Nf6 3. Nxe5 d6 4. Nf3 Nxe4 5. d3 Nf6 6. d4 d5 7. Bd3 Be7 8. h3 h6 9. O-O Nc6 10. c3 O-O 11. Re1 Re8 12. Bf4 Bd6 13. Rxe8+ 1/2-1/2

[Event "Frankfurt sim"]
[Site "?"]
[Date "1999.??.??"]
[Round "?"]
[White "Polgar Judit"]
[Black "Meyer Ingo"]
[Result "1/2-1/2"]
[WhiteElo "2677"]
[BlackElo "2263"]
[PlyCount "112"]
[EventDate "1999.??.??"]
[Source "www.chesslib.no"]
[SourceDate "2004.05.04"]

1. e4 e5 2. Nf3 Nf6 3. Nxe5 d6 4. Nf3 Nxe4 5. d3 Nf6 6. d4 Be7 7. Bd3 Bg4 8. O-O Nc6 9. c3 O-O 10. Nbd2 Re8 11. Re1 Qd7 12. h3 Bh5 13. Nf1 Bf8 14. Bd2 Rxe1 15. Bxe1 Re8 16. Ng3 Bg6 17. Bxg6 hxg6 18. Bd2 d5 19. Bf4 Ne4 20. Nxe4 Rxe4 21. Qd2 Bd6 22. Bxd6 Qxd6 23. Re1 Qe7 24. Kf1 Kf8 25. Qd3 a6 26. b3 Nd8 27. Re2 Rxe2 28. Qxe2 Qxe2+ 29. Kxe2 f6 30. Kd3 Ne6 31. g3 Ke7 32. c4 dxc4+ 33. bxc4 g5 34. Ke4 c6 35. Ne1 b5 36. c5 a5 37. Nd3 Nc7 38. Nc1 Nd5 39. Kd3 a4 40. Kc2 Ke6 41. Nd3 Kf5 42. f3 Ke6 43. a3 Ne3+ 44. Kc3 Nf5 45. g4 Ne7 46. Kc2 Nd5 47. Kd2 Nc7 48. Nb4 Kd7 49. Kd3 Ne6 50. Ke4 Nf4 51. h4 Nh3 52. h5 Nf4 53. Kf5 Nd5 54. Nc2 Ne7+ 55. Ke4 Ke6 56. Nb4 Kd7 1/2-1/2

[Event "I Tancat"]
[Site "?"]
[Date "1999.09.15"]
[Round "5"]
[White "Braga Fernando"]
[Black "Mellado Trivino Juan"]
[Result "1/2-1/2"]
[WhiteElo "2461"]
[BlackElo "2477"]
[PlyCount "34"]
[EventDate "1999.??.??"]
[Source "www.chesslib.no"]
[SourceDate "2004.05.04"]

1. e4 e5 2. Nf3 Nf6 3. Nxe5 d6 4. Nf3 Nxe4 5. d3 Nf6 6. d4 Be7 7. Bd3 c5 8. d5 O-O 9. c4 Bg4 10. h3 Bh5 11. Nc3 Nbd7 12. Be2 a6 13. a4 Re8 14. O-O Bf8 15. Ra3 Bxf3 16. Bxf3 g6 17. Bf4 Qc7 1/2-1/2

[Event "Leutersdorf op"]
[Site "Leutersdorf"]
[Date "2002.02.12"]
[Round "2"]
[White "Meijers, Viesturs"]
[Black "Karpatchev, Aleksandr"]
[Result "0-1"]
[WhiteElo "2455"]
[BlackElo "2474"]
[PlyCount "128"]
[EventDate "2002.02.11"]
[Source "ChessBase"]
[SourceDate "2002.03.14"]

1. e4 e5 2. Nf3 Nf6 3. Nxe5 d6 4. Nf3 Nxe4 5. d3 Nf6 6. d4 g6 7. Nc3 Bg7 8. Be3 O-O 9. Qd2 c6 10. Be2 Re8 11. Bh6 Bh8 12. h3 Na6 13. a3 Nc7 14. O-O Be6 15. Ng5 Qd7 16. Bf3 Bc4 17. Rfd1 Bg7 18. Bxg7 Kxg7 19. b3 Bd5 20. Bxd5 Ncxd5 21. Nxd5 Nxd5 22. c4 Nf6 23. Qd3 Re7 24. Re1 Rae8 25. Kf1 d5 26. Rxe7 Rxe7 27. c5 h6 28. Nf3 Ne4 29. Nd2 Qf5 30. Nxe4 dxe4 31. Qe3 Qd5 32. h4 Rd7 33. Rd1 Qh5 34. Re1 Qxh4 35. Qxe4 Qxe4 36. Rxe4 Kf6 37. Rf4+ Ke6 38. Ke2 f5 39. Rh4 h5 40. Ke3 Kd5 41. Kf4 Ke6 42. Kg5 Kf7 43. f3 Rd5 44. Rf4 Kg7 45. b4 a6 46. g3 Rd7 47. Rh4 Rd8 48. Rh1 Rxd4 49. Re1 Kf7 50. Re3 Rd1 51. Rb3 Rg1 52. Rd3 Rxg3+ 53. Kf4 h4 54. Rd7+ Ke6 55. Rxb7 g5+ 56. Ke3 g4 57. Kd4 Rxf3 58. Rc7 Rf4+ 59. Kd3 g3 60. Rxc6+ Ke5 61. Rg6 Rg4 62. Rxg4 fxg4 63. Ke3 g2 64. Kf2 h3 0-1

[Event "RUS Team Ch"]
[Site "Briansk"]
[Date "1995.??.??"]
[Round "3"]
[White "Veresagin, Jurij"]
[Black "Raetsky, Alexander"]
[Result "1/2-1/2"]
[WhiteElo "2410"]
[BlackElo "2510"]
[PlyCount "38"]
[EventDate "1995.??.??"]
[Source "www.chesslib.no"]
[SourceDate "2004.05.04"]

1. e4 e5 2. Nf3 Nf6 3. Nxe5 d6 4. Nf3 Nxe4 5. d3 Nf6 6. d4 Be7 7. Bd3 Bg4 8. Nbd2 O-O 9. Nf1 c5 10. h3 Bxf3 11. Qxf3 Nc6 12. dxc5 dxc5 13. Ne3 Qc7 14. O-O Ne5 15. Qe2 Nxd3 16. Qxd3 Rad8 17. Qe2 Qe5 18. Qf3 Bd6 19. g3 Qe4 1/2-1/2

[Event "URS Ch otbor56"]
[Site "Uzhgorod"]
[Date "1988.??.??"]
[Round "?"]
[White "Ulibin, Mikhail"]
[Black "Rozentalis, Eduardas"]
[Result "1/2-1/2"]
[WhiteElo "2390"]
[BlackElo "2520"]
[PlyCount "149"]
[EventDate "1988.??.??"]
[Source "www.chesslib.no"]
[SourceDate "2004.05.04"]

1. e4 e5 2. Nf3 Nf6 3. Nxe5 d6 4. Nf3 Nxe4 5. d3 Nf6 6. d4 d5 7. Bg5 Be7 8. Bd3 Bg4 9. O-O O-O 10. Re1 Nbd7 11. c3 c5 12. Nbd2 Re8 13. dxc5 Bxc5 14. Rxe8+ Qxe8 15. Qc2 h6 16. Re1 Qd8 17. Be3 Qb6 18. Nd4 Ne5 19. Bf1 Rc8 20. N2b3 Nc4 21. Nxc5 Qxc5 22. Nb3 Nxe3 23. Rxe3 Qd6 24. Qd2 Bd7 25. Qd4 b6 26. h3 Re8 27. Rxe8+ Bxe8 28. Nc1 Qe6 29. Qd2 Qe5 30. Be2 Qg5 31. Qxg5 hxg5 32. Bd3 Bd7 33. Ne2 Kf8 34. f4 gxf4 35. Nxf4 Ke7 36. Kf2 Kd6 37. Ke3 Ke5 38. Ne2 Ne4 39. Nd4 Nc5 40. Nf3+ Kd6 41. Bc2 f6 42. h4 Bg4 43. Nd4 Bd7 44. b4 Ne6 45. Nf5+ Ke5 46. h5 Ng5 47. Nxg7 f5 48. h6 f4+ 49. Kf2 Nf7 50. h7 Kf6 51. Nh5+ Kg5 52. Bd1 Bf5 53. Ng7 Bxh7 54. Ne6+ Kf5 55. Nd4+ Kf6 56. Nc6 Nd6 57. Kf3 Kg5 58. Nxa7 Ne4 59. Bb3 Nxc3 60. Nc6 b5 61. Nd4 Be4+ 62. Kf2 Kg4 63. Ne6 Bd3 64. a3 Kf5 65. Nc5 Ne4+ 66. Ke1 Bc4 67. Bd1 Ke5 68. Nd7+ Kd4 69. a4 bxa4 70. Bxa4 Nd6 71. Kf2 Kc3 72. Kf3 Kxb4 73. Bc2 Kc3 74. Bg6 Bf1 75. Nf6 1/2-1/2

[Event "it (op)"]
[Site "?"]
[Date "2005.10.15"]
[Round "8.3"]
[White "Zecevic Dean"]
[Black "Jovanic Ognjen"]
[Result "1/2-1/2"]
[WhiteElo "2433"]
[BlackElo "2469"]
[PlyCount "53"]
[EventDate "2005.??.??"]
[Source "www.chesslib.no"]
[SourceDate "2004.05.04"]

1. e4 e5 2. Nf3 Nf6 3. Nxe5 d6 4. Nf3 Nxe4 5. d3 Nf6 6. d4 Be7 7. h3 O-O 8. Bd3 b6 9. O-O Bb7 10. c4 d5 11. Nc3 Nc6 12. a3 dxc4 13. Bxc4 Na5 14. Ba2 Nd5 15. Re1 Nxc3 16. bxc3 Bf6 17. Ne5 Bd5 18. Bxd5 Qxd5 19. Ng4 Qf5 20. Re3 Bh4 21. Re5 Qg6 22. Rh5 Bf6 23. Qf3 Nb3 24. Nxf6+ Qxf6 25. Qxf6 gxf6 26. Rb1 Nxc1 27. Rxc1 1/2-1/2

[Event "Las Vegas USA"]
[Site "?"]
[Date "2006.06.18"]
[Round "5"]
[White "Ibragimov Ildar"]
[Black "Small Greg"]
[Result "1-0"]
[WhiteElo "2637"]
[BlackElo "2254"]
[PlyCount "71"]
[EventDate "2006.??.??"]
[Source "www.chesslib.no"]
[SourceDate "2004.05.04"]

1. e4 e5 2. Nf3 Nf6 3. Nxe5 d6 4. Nf3 Nxe4 5. d3 Nf6 6. d4 Be7 7. c4 O-O 8. Bd3 Bg4 9. h3 Bh5 10. Nc3 Re8 11. Be3 Nbd7 12. O-O d5 13. c5 c6 14. b4 b5 15. a4 a6 16. Be2 Ne4 17. Qb3 Bf6 18. Rfe1 Nf8 19. Nxe4 dxe4 20. Ne5 Bxe5 21. Bxh5 g6 22. dxe5 gxh5 23. Rad1 Qe7 24. Rd6 Rac8 25. axb5 axb5 26. Bd4 Qg5 27. Rxe4 Re6 28. f4 Qf5 29. Qf3 Rg6 30. Rf6 Rxf6 31. exf6 Kh8 32. Re5 Qb1+ 33. Kh2 Rd8 34. f5 Qxb4 35. Qg3 Ne6 36. Rxe6 1-0

[Event "St Petersburg White Nights op1"]
[Site "?"]
[Date "2002.??.??"]
[Round "8"]
[White "Deviatkin Andrei"]
[Black "Egin Vladimir"]
[Result "1-0"]
[WhiteElo "2414"]
[BlackElo "2476"]
[PlyCount "45"]
[EventDate "2002.??.??"]
[Source "www.chesslib.no"]
[SourceDate "2004.05.04"]

1. e4 e5 2. Nf3 Nf6 3. Nxe5 d6 4. Nf3 Nxe4 5. d3 Nf6 6. d4 Be7 7. Bd3 O-O 8. O-O Bg4 9. Re1 c5 10. h3 Bh5 11. d5 Nbd7 12. g4 Bg6 13. Bxg6 hxg6 14. c4 Ne8 15. Nc3 f5 16. g5 Ne5 17. h4 Nxf3+ 18. Qxf3 Nc7 19. Bd2 Kf7 20. Ne2 Rh8 21. Qg3 Rh7 22. Nf4 Qh8 23. Rxe7+ 1-0

[Event "Vikings Challengers"]
[Site "York"]
[Date "1999.12.13"]
[Round "1"]
[White "Arkell, Keith C"]
[Black "Summerscale, Aaron"]
[Result "1/2-1/2"]
[WhiteElo "2462"]
[BlackElo "2423"]
[PlyCount "23"]
[EventDate "1999.12.13"]
[Source "ChessBase"]
[SourceDate "2000.01.11"]

1. e4 e5 2. Nf3 Nf6 3. Nxe5 d6 4. Nf3 Nxe4 5. d3 Nf6 6. d4 Be7 7. Bd3 O-O 8. h3 Re8 9. O-O Nbd7 10. c4 Nf8 11. Nc3 Bd7 12. Re1 1/2-1/2

[Event "Moscow4"]
[Site "Moscow"]
[Date "1992.??.??"]
[Round "?"]
[White "Rausis, Igors"]
[Black "Zaitsev, Igor A"]
[Result "1/2-1/2"]
[WhiteElo "2460"]
[BlackElo "2425"]
[PlyCount "50"]
[EventDate "1992.??.??"]
[Source "ChessBase"]

1. e4 e5 2. Nf3 Nf6 3. Nxe5 d6 4. Nf3 Nxe4 5. d3 Nf6 6. d4 g6 7. Bd3 Qe7+ 8. Qe2 Qxe2+ 9. Kxe2 Bg7 10. Re1 O-O 11. Kf1 Nc6 12. c3 Bg4 13. Nbd2 Rfe8 14. Rxe8+ Rxe8 15. h3 Bd7 16. Nc4 a5 17. Bf4 Nd5 18. Bd2 b5 19. Na3 b4 20. Nb5 Rb8 21. a4 h6 22. c4 Nb6 23. b3 Nxd4 24. Nfxd4 c5 25. Be3 d5 1/2-1/2

[Event "Pardubice"]
[Site "?"]
[Date "2006.07.24"]
[Round "4"]
[White "Zilka Stepan"]
[Black "Kalod Radek"]
[Result "1/2-1/2"]
[WhiteElo "2373"]
[BlackElo "2512"]
[PlyCount "46"]
[EventDate "2006.??.??"]
[Source "www.chesslib.no"]
[SourceDate "2004.05.04"]

1. e4 e5 2. Nf3 Nf6 3. Nxe5 d6 4. Nf3 Nxe4 5. d3 Nf6 6. Bg5 Be7 7. d4 O-O 8. Bd3 Nd5 9. Bd2 Nc6 10. O-O Ndb4 11. Be2 Bf5 12. Na3 Bf6 13. c3 Nd5 14. Re1 Re8 15. Nc4 Qd7 16. Ne3 Nxe3 17. Bxe3 d5 18. Qd2 h6 19. Rad1 a6 20. Bf4 Re7 21. h3 Rae8 22. Bf1 Re4 23. Bd3 Rxe1+ 1/2-1/2

[Event "UKR-ch U20 Masculino"]
[Site "Lviv"]
[Date "2003.03.20"]
[Round "4"]
[White "Shepotilo, Vladislav"]
[Black "Firman, Nazar"]
[Result "1/2-1/2"]
[WhiteElo "2377"]
[BlackElo "2505"]
[PlyCount "96"]
[EventDate "2003.03.??"]
[Source "Roberto Alvarez"]
[SourceDate "2003.06.09"]

1. e4 e5 2. Nf3 Nf6 3. Nxe5 d6 4. Nf3 Nxe4 5. d3 Nf6 6. d4 d5 7. Bg5 Be7 8. Bd3 Nbd7 9. O-O Nf8 10. Re1 Ne6 11. Be3 O-O 12. Ne5 Nd7 13. Nxd7 Bxd7 14. Qh5 f5 15. Bxf5 g6 16. Bxe6+ Bxe6 17. Qe2 Bd6 18. Nd2 Qh4 19. Nf1 Rf7 20. f3 Re8 21. Bf2 Qf6 22. Qd1 Rfe7 23. Bg3 Bxg3 24. hxg3 Bd7 25. Rxe7 Qxe7 26. Qd2 Bb5 27. a4 Ba6 28. b3 Qe2 29. Rd1 Qxd2 30. Nxd2 Re2 31. g4 g5 32. g3 Re3 33. Kf2 Rc3 34. b4 c6 35. Rb1 Rxc2 36. b5 Bxb5 37. axb5 Rxd2+ 38. Ke3 Ra2 39. bxc6 Ra3+ 40. Ke2 bxc6 41. Rc1 Ra6 42. f4 Rb6 43. Rc5 Kf7 44. Ra5 a6 45. Ra1 Kg6 46. Kd2 Rb2+ 47. Kc1 Rb6 48. Kc2 h5 1/2-1/2

[Event "It (Men) Budapest HUN"]
[Site "?"]
[Date "2005.09.13"]
[Round "11"]
[White "Fogarasi Tibor"]
[Black "Sakelsek Tadej"]
[Result "1/2-1/2"]
[WhiteElo "2490"]
[BlackElo "2390"]
[PlyCount "32"]
[EventDate "2005.??.??"]
[Source "www.chesslib.no"]
[SourceDate "2004.05.04"]

1. e4 e5 2. Nf3 Nf6 3. Nxe5 d6 4. Nf3 Nxe4 5. d3 Nf6 6. d4 Be7 7. Bd3 O-O 8. h3 c5 9. O-O Nc6 10. c3 h6 11. Nbd2 cxd4 12. Nxd4 Nxd4 13. cxd4 Be6 14. Re1 Re8 15. Nf1 Bf8 16. Bf4 Qb6 1/2-1/2

[Event "Voronez"]
[Site "Voronezh RUS"]
[Date "1987.??.??"]
[Round "?"]
[White "Petrienko, Vladimir"]
[Black "Rozentalis, Eduardas"]
[Result "1/2-1/2"]
[WhiteElo "2410"]
[BlackElo "2455"]
[PlyCount "75"]
[EventDate "1987.09.??"]
[Source "www.chesslib.no"]
[SourceDate "2004.05.04"]

1. e4 e5 2. Nf3 Nf6 3. Nxe5 d6 4. Nf3 Nxe4 5. d3 Nf6 6. d4 Be7 7. Bd3 Bg4 8. Nbd2 O-O 9. O-O c5 10. h3 Bh5 11. dxc5 dxc5 12. Ne4 Nc6 13. Ng3 Bg6 14. Bxg6 hxg6 15. Qxd8 Rfxd8 16. Bg5 Nd4 17. Nxd4 cxd4 18. Rfe1 Bb4 19. Re2 Rd5 20. Bd2 Bd6 21. c4 Re5 22. Bf4 Rxe2 23. Nxe2 Re8 24. Bxd6 Rxe2 25. Bc5 d3 26. Bxa7 Rxb2 27. Bd4 Rd2 28. Be3 Rc2 29. Rd1 Rc3 30. Bd4 Rxc4 31. Bxf6 gxf6 32. Rxd3 Rc1+ 33. Kh2 Rc2 34. Kg1 Rxa2 35. Rb3 Ra7 36. g4 Kf8 37. Rb6 Ke7 38. Kg2 1/2-1/2

[Event "Corr"]
[Site "?"]
[Date "1998.07.27"]
[Round "?"]
[White "Kolinko Paul"]
[Black "Gawehns Klaus"]
[Result "1/2-1/2"]
[WhiteElo "2395"]
[BlackElo "2467"]
[PlyCount "56"]
[EventDate "1998.??.??"]
[Source "www.chesslib.no"]
[SourceDate "2004.05.04"]

1. e4 e5 2. Nf3 Nf6 3. Nxe5 d6 4. Nf3 Nxe4 5. d3 Nf6 6. d4 Be7 7. Bd3 O-O 8. O-O Bg4 9. Bf4 Re8 10. h3 Bh5 11. c3 Nbd7 12. Nbd2 Nf8 13. Qb3 Bg6 14. c4 c6 15. Bh2 Qb6 16. Bxg6 Nxg6 17. Qc2 d5 18. c5 Qa6 19. b4 Ne4 20. Nxe4 dxe4 21. Nd2 Rad8 22. Nxe4 Rxd4 23. Rab1 Bf8 24. Nd6 Bxd6 25. cxd6 Qd3 26. Qxd3 Rxd3 27. Rfc1 a6 28. a4 f5 1/2-1/2

[Event "Nova College op"]
[Site "Haarlem"]
[Date "2002.07.07"]
[Round "5"]
[White "Meijers, Viesturs"]
[Black "Ernst, Sipke"]
[Result "1-0"]
[WhiteElo "2427"]
[BlackElo "2434"]
[PlyCount "121"]
[EventDate "2002.07.05"]
[Source "ChessBase"]
[SourceDate "2002.09.11"]

1. e4 e5 2. Nf3 Nf6 3. Nxe5 d6 4. Nf3 Nxe4 5. d3 Nf6 6. d4 Be7 7. Nc3 d5 8. Ne5 O-O 9. Be3 Bb4 10. a3 Bxc3+ 11. bxc3 Ne4 12. c4 f6 13. Nf3 c6 14. Bd3 Bg4 15. O-O Nd7 16. cxd5 cxd5 17. c4 Ng5 18. cxd5 Nxf3+ 19. gxf3 Bh3 20. Re1 Nb6 21. Rb1 Kh8 22. Kh1 Qd7 23. Rb5 Bf5 24. d6 Bxd3 25. Qxd3 Rae8 26. Bd2 Qxd6 27. Rh5 f5 28. Rxe8 Rxe8 29. Qxf5 h6 30. Bf4 Qe6 31. Kg2 Kg8 32. Qxe6+ Rxe6 33. Rc5 Rc6 34. Re5 Kf7 35. h4 Rc4 36. Be3 Nd7 37. Ra5 a6 38. Kg3 Ke6 39. Kf4 Rc8 40. Kg3 Rc4 41. f4 Nf6 42. f5+ Kd7 43. Kf3 Rc3 44. Ke2 Rb3 45. Kd2 Rb5 46. Rxb5 axb5 47. Bf4 Nd5 48. Be5 Ne7 49. f6 gxf6 50. Bxf6 Nf5 51. h5 Ke6 52. Be5 Ne7 53. Bf4 Nf5 54. Kd3 Kd5 55. Be5 b4 56. axb4 b5 57. Bh8 Ne7 58. Bg7 Nc6 59. Bxh6 Nxd4 60. Be3 Nf3 61. h6 1-0

[Event "Manila ol (Men)"]
[Site "Manila PHI"]
[Date "1992.??.??"]
[Round "?"]
[White "Nevednichy, Vladislav"]
[Black "Handoko, Edhi"]
[Result "0-1"]
[WhiteElo "2470"]
[BlackElo "2390"]
[PlyCount "104"]
[EventDate "1992.06.??"]
[Source "www.chesslib.no"]
[SourceDate "2004.05.04"]

1. e4 e5 2. Nf3 Nf6 3. Nxe5 d6 4. Nf3 Nxe4 5. d3 Nf6 6. d4 Be7 7. Bd3 Bg4 8. O-O O-O 9. Bg5 Nd5 10. Bd2 Nc6 11. c3 Re8 12. h3 Bh5 13. Bxh7+ Kxh7 14. Ng5+ Kg6 15. Qc2+ f5 16. g4 Bxg5 17. Qxf5+ Kh6 18. h4 Bg6 19. Bxg5+ Kh7 20. Qxd5 Qd7 21. Qg2 Bd3 22. Rc1 Re4 23. f3 Re2 24. Qg3 Rae8 25. Nd2 Qe6 26. Rd1 Bc2 27. Rf1 b5 28. a3 Na5 29. Rf2 Nc4 30. Nxc4 bxc4 31. Raf1 Bd3 32. Kg2 Rxf2+ 33. Rxf2 Qe1 34. h5 Qd1 35. Qh2 Re2 36. Bh4 Re1 37. g5 Qc1 38. g6+ Kg8 39. d5 Bf1+ 40. Rxf1 Rxf1 41. Bf2 Rxf2+ 42. Kxf2 Qd2+ 43. Kg1 Qe1+ 44. Kg2 Qd2+ 45. Kh3 Qxd5 46. Kg4 Qe6+ 47. Kg3 Qe1+ 48. Qf2 Qe5+ 49. Kg4 Qe6+ 50. Kh4 Qf6+ 51. Kg4 Qe6+ 52. Kg3 Qe5+ 0-1

[Event "Bastrikov Memorial"]
[Site "Ekaterinburg RUS"]
[Date "1996.??.??"]
[Round "2"]
[White "Totsky, Leonid"]
[Black "Vorontsov, Nickolay"]
[Result "1/2-1/2"]
[WhiteElo "2430"]
[BlackElo "2430"]
[PlyCount "90"]
[EventDate "1996.??.??"]
[Source "www.chesslib.no"]
[SourceDate "2004.05.04"]

1. e4 e5 2. Nf3 Nf6 3. Nxe5 d6 4. Nf3 Nxe4 5. d3 Nf6 6. d4 d5 7. Bg5 Bd6 8. c4 dxc4 9. Bxc4 O-O 10. O-O Bg4 11. h3 Bh5 12. g4 Bg6 13. Ne5 Nc6 14. Nxc6 bxc6 15. Nc3 h6 16. Bh4 Be7 17. Re1 Re8 18. f4 Ne4 19. Bxe7 Rxe7 20. f5 Nd6 21. Bf1 Bh7 22. Qd2 Rxe1 23. Rxe1 Qf6 24. Ne4 Nxe4 25. Rxe4 Qd6 26. Bg2 g6 27. Qxh6 gxf5 28. Qxd6 cxd6 29. Rf4 Rb8 30. b3 fxg4 31. Rxg4+ Kf8 32. Bxc6 Bb1 33. Rg2 Rc8 34. d5 Be4 35. Rg3 Ke7 36. Rg4 Bf5 37. Ra4 Rc7 38. h4 Kf6 39. Kf2 Ke5 40. Ke3 Bb1 41. h5 f5 42. Rh4 Bxa2 43. h6 Bb1 44. b4 Rf7 45. Rh5 Be4 1/2-1/2

[Event "Corr"]
[Site "?"]
[Date "1998.05.09"]
[Round "?"]
[White "Kolinko Paul"]
[Black "Gawehns Klaus"]
[Result "0-1"]
[WhiteElo "2390"]
[BlackElo "2469"]
[PlyCount "72"]
[EventDate "1998.??.??"]
[Source "www.chesslib.no"]
[SourceDate "2004.05.04"]

1. e4 e5 2. Nf3 Nf6 3. Nxe5 d6 4. Nf3 Nxe4 5. d3 Nf6 6. d4 Be7 7. Bd3 Bg4 8. c3 O-O 9. Bf4 Re8 10. Nbd2 Bf8+ 11. Kf1 Nd5 12. Bg3 Nd7 13. Qc2 N7f6 14. h3 Bd7 15. Bh2 g6 16. g4 c5 17. Re1 Rxe1+ 18. Kxe1 b5 19. Kd1 Qa5 20. Qb1 c4 21. Bc2 Rc8 22. a3 Qb6 23. Re1 a5 24. Ne4 b4 25. Nxf6+ Nxf6 26. Qc1 bxc3 27. bxc3 Qb7 28. Nh4 Bc6 29. Re2 Be4 30. f3 Bxc2+ 31. Rxc2 Re8 32. Rb2 Qc6 33. Bf4 Nd5 34. Bd2 Be7 35. g5 Qd7 36. Qc2 Bd8 0-1

[Event "Cheliabinsk"]
[Site "Cheliabinsk"]
[Date "1993.??.??"]
[Round "?"]
[White "Panchenko, Alexander N"]
[Black "Tolstikh, Nikolay"]
[Result "1-0"]
[WhiteElo "2475"]
[BlackElo "2380"]
[PlyCount "103"]
[EventDate "1993.12.??"]
[Source "ChessBase"]

1. e4 e5 2. Nf3 Nf6 3. Nxe5 d6 4. Nf3 Nxe4 5. d3 Nf6 6. d4 Be7 7. Bd3 O-O 8. O-O Bg4 9. Re1 c5 10. h3 Bh5 11. dxc5 dxc5 12. g4 Bg6 13. Bxg6 hxg6 14. Qxd8 Bxd8 15. Bf4 Ba5 16. Rd1 Na6 17. Na3 Bc7 18. Bxc7 Nxc7 19. Rd2 Rfd8 20. Rad1 Rxd2 21. Rxd2 Kf8 22. g5 Nfd5 23. Nb5 Nxb5 24. Rxd5 Rc8 25. c4 Nd4 26. Nxd4 cxd4 27. Rxd4 Rc5 28. f4 a5 29. b3 b5 30. Kf2 Ke7 31. Ke3 bxc4 32. Rxc4 Rb5 33. Re4+ Kd6 34. Kd3 Rf5 35. a4 Rc5 36. Rc4 Rf5 37. Ke4 Kd7 38. Kd3 Kd6 39. Kc3 Kd7 40. b4 axb4+ 41. Kxb4 f6 42. h4 fxg5 43. hxg5 Rf8 44. a5 Rb8+ 45. Kc5 Rc8+ 46. Kd5 Ra8 47. Ra4 Ra6 48. Kc5 Kc7 49. Kb5 Rd6 50. a6 Rd5+ 51. Kc4 Rf5 52. a7 1-0

[Event "Volgograd"]
[Site "Volgograd"]
[Date "1994.??.??"]
[Round "7"]
[White "Shtyrenkov, Veniamen"]
[Black "Tolstikh, Nikolay"]
[Result "0-1"]
[WhiteElo "2445"]
[BlackElo "2410"]
[PlyCount "70"]
[EventDate "1994.??.??"]
[Source "ChessBase"]

1. e4 e5 2. Nf3 Nf6 3. Nxe5 d6 4. Nf3 Nxe4 5. d3 Nf6 6. d4 Be7 7. Bd3 O-O 8. O-O Bg4 9. Re1 c5 10. h3 Bh5 11. d5 Nbd7 12. g4 Bg6 13. Bxg6 hxg6 14. Nc3 Re8 15. Bf4 a6 16. g5 Nh5 17. Bh2 b5 18. a4 b4 19. Ne4 Nf8 20. Kg2 Qd7 21. Nfd2 Nh7 22. Nc4 Qf5 23. h4 Nf4+ 24. Bxf4 Qxf4 25. Qd3 Bf8 26. f3 Qxh4 27. Qd2 Nxg5 28. Qxg5 Rxe4 29. Qxh4 Rxh4 30. b3 Rd4 31. Rad1 Rxd1 32. Rxd1 Re8 33. Rd2 g5 34. Kg3 f5 35. a5 Kf7 0-1

[Event "Budapest FS06 GM"]
[Site "Budapest"]
[Date "1994.??.??"]
[Round "10"]
[White "Bliumberg, Vladislav"]
[Black "Howell, James C"]
[Result "0-1"]
[WhiteElo "2360"]
[BlackElo "2495"]
[PlyCount "134"]
[EventDate "1994.06.??"]
[Source "ChessBase"]

1. e4 e5 2. Nf3 Nf6 3. Nxe5 d6 4. Nf3 Nxe4 5. d3 Nf6 6. d4 Be7 7. c4 O-O 8. Nc3 Bf5 9. Be2 Re8 10. O-O Ne4 11. Nd5 Bf8 12. Ne3 Bg6 13. Qb3 b6 14. Qa4 c6 15. d5 c5 16. Nh4 Nd7 17. Nxg6 hxg6 18. Bd3 Ng5 19. Qc2 Nh7 20. Bd2 Be7 21. g3 a6 22. h4 Nhf8 23. Kg2 Qb8 24. f4 b5 25. f5 g5 26. Ng4 bxc4 27. Bxc4 gxh4 28. Bc3 Nh7 29. gxh4 Nhf6 30. Rf4 Nxg4 31. Rxg4 Bf6 32. Rg1 Ne5 33. Bxe5 Rxe5 34. Kh1 Kf8 35. Bb3 Qc8 36. Rf1 Ra7 37. h5 a5 38. Ba4 Rxd5 39. h6 g5 40. Re4 Re5 41. Rxe5 Bxe5 42. Qg2 Rb7 43. Bb3 Bf6 44. Qd5 Qd7 45. Re1 Kg8 46. Re4 Rb4 47. Rxb4 axb4 48. a4 bxa3 49. bxa3 Qe7 50. Bc4 Kh7 51. Qxf7+ Qxf7 52. Bxf7 Kxh6 53. a4 Bc3 54. Kg2 Kg7 55. Bh5 Kf6 56. Bg4 Ke5 57. Kf3 d5 58. Ke2 Ba5 59. Bf3 Bd8 60. Kd3 c4+ 61. Ke2 d4 62. Bc6 g4 63. Bb5 Kd5 64. Kf2 d3 65. Ke3 Bg5+ 66. Kf2 g3+ 67. Kf3 g2 0-1

[Event "Bayamo"]
[Site "Bayamo"]
[Date "1985.??.??"]
[Round "9"]
[White "Garcia Martinez, Silvino"]
[Black "Knezevic, Milorad"]
[Result "1/2-1/2"]
[WhiteElo "2430"]
[BlackElo "2405"]
[PlyCount "29"]
[EventDate "1985.??.??"]
[Source "ChessBase"]

1. e4 e5 2. Nf3 Nf6 3. Nxe5 d6 4. Nf3 Nxe4 5. d3 Nf6 6. Qe2+ Qe7 7. Qxe7+ Bxe7 8. Nc3 c6 9. Be2 O-O 10. O-O Re8 11. Re1 Bf8 12. Bf1 Rxe1 13. Nxe1 Nbd7 14. Nf3 d5 15. h3 1/2-1/2

[Event "Essent op"]
[Site "Hoogeveen"]
[Date "2002.10.17"]
[Round "7"]
[White "De Jong, Migchiel"]
[Black "Bezgodov, Alexei"]
[Result "0-1"]
[WhiteElo "2298"]
[BlackElo "2536"]
[PlyCount "92"]
[EventDate "2002.10.11"]
[Source "ChessBase"]
[SourceDate "2002.11.06"]

1. e4 e5 2. Nf3 Nf6 3. Nxe5 d6 4. Nf3 Nxe4 5. d3 Nf6 6. d4 Be7 7. Be2 O-O 8. O-O Bf5 9. d5 c5 10. dxc6 Nxc6 11. Nbd2 Rc8 12. c3 Re8 13. Nb3 d5 14. Bf4 Bg4 15. Re1 Ne4 16. Nfd4 Bxe2 17. Rxe2 a5 18. a4 Bf8 19. f3 Nd6 20. Rxe8 Qxe8 21. Nxc6 Qxc6 22. Nd4 Qb6 23. Qb3 Qxb3 24. Nxb3 Nc4 25. Rb1 Rc6 26. Nd4 Bc5 27. Kf1 Rf6 28. Bc1 Bxd4 29. cxd4 Rc6 30. b3 Nd6 31. Bd2 Nf5 32. Bxa5 Rc2 33. Re1 f6 34. Bb6 h5 35. a5 Rb2 36. Re2 Rxb3 37. Re8+ Kh7 38. Rb8 Rb2 39. Rxb7 Ne3+ 40. Ke1 Nxg2+ 41. Kd1 Ne3+ 42. Kc1 Nc4 43. Ra7 Rxh2 44. Bc5 h4 45. a6 h3 46. Re7 Rg2 0-1

[Event "Guillermo Garcia mem-B"]
[Site "Santa Clara"]
[Date "1999.05.25"]
[Round "2"]
[White "Garcia Martinez, Silvino"]
[Black "Perez, Rodney"]
[Result "1/2-1/2"]
[WhiteElo "2420"]
[BlackElo "2406"]
[PlyCount "45"]
[EventDate "1999.05.??"]
[Source "ChessBase"]
[SourceDate "1999.07.10"]

1. e4 e5 2. Nf3 Nf6 3. Nxe5 d6 4. Nf3 Nxe4 5. d3 Nf6 6. d4 Be7 7. Bd3 Bg4 8. Nbd2 O-O 9. h3 Bh5 10. c3 Nc6 11. O-O Bg6 12. Bxg6 hxg6 13. Qb3 Rb8 14. d5 Ne5 15. c4 c6 16. Rd1 Qa5 17. Nxe5 dxe5 18. Nf3 cxd5 19. cxd5 Rfd8 20. Nxe5 Rxd5 21. Bd2 Qb5 22. Qxb5 Rxb5 23. Bf4 1/2-1/2